Harry Potter Names A-Z - Statistics

General Stats
  • This quiz has been taken 225 times
  • The average score is 19 of 26
Answer Stats
Hint Answer % Correct
C Diggory Cedric
98%
O Wood Oliver
96%
T Riddle Tom
96%
R Lupin Remus
95%
A Moody Alastor
93%
N Malfoy (nee Black) Narcissa
92%
F Flitwick Filius
89%
L Brown Lavender
89%
V Crabbe Vincent
89%
B Bagshot Bathilda
88%
G Goyle Gregory
88%
X Lovegood Xenophilius
86%
M Gaunt Morfin/Marvolo/Merope
84%
J Finch-Fletchley Justin
80%
P Sprout Pomona
80%
Z Smith Zacharias
72%
Q Quirrell Quirinus
71%
E Doge Elphias
70%
K Dumbledore Kendra
70%
D Diggle Dedalus
64%
I Peverell Ignotus
64%
H Jones Hestia
47%
S Podmore Sturgis
44%
W Macnair Walden
41%
U Rackharrow Urquhart
12%
Y Platt Yardley
9%
No matching quizzes found
Score Distribution
Percent of People with Each Score
Percentile by Number Answered
Your Score History
You have not taken this quiz